| 000 | 00636nam a22002177a 4500 | ||
|---|---|---|---|
| 005 | 20170124110126.0 | ||
| 010 | _aB-214173 | ||
| 020 |
_c295.00 _a9780143061809 |
||
| 035 | _aB-214173 | ||
| 037 | _bCen Lib/Ret | ||
| 040 |
_aDPL _bEN |
||
| 082 |
_aN _bHAZ |
||
| 100 |
_aHazarika, Dhruba _931611 |
||
| 245 |
_aA bowstring winter / _cby Dhruba Hazarika |
||
| 260 |
_aNew Delhi _bPenguin Books _c2006 |
||
| 270 |
_a11 Community Centre, Panchsheel Park _bNew Delhi _e110017 |
||
| 300 |
_a343p. _c19cm(pbk) |
||
| 650 |
_aIndic fiction (English) _96137 |
||
| 650 |
_aFantasy fiction, Indic (English) _928756 |
||
| 942 |
_2ddc _cEN _hN _mHAZ |
||
| 999 |
_c131373 _d131373 |
||